[Event "Turkey IS Bank Super League 2017"]
[Site "Darica-Kocaeli"]
[Date "2017.07.31"]
[Round "7"]
[White "Najer, Evgeniy"]
[Black "Zhigalko, Sergei"]
[Result "0-1"]
[WhiteElo "2706"]
[BlackElo "2648"]
[Annotator "TA"]
[PlyCount "89"]
[EventType "team-tourn"]
[EventCountry "TUR"]
[SourceTitle "playchess.com"]
[Source "ChessBase"]
[SourceQuality "1"]

{[%evp 22,89,0,0,14,19,16,33,40,8,40,36,39,34,37,22,25,4,39,38,27,41,20,30,31,14,68,4,119,105,125,111,209,86,114,-235,-233,-263,-243,-222,-219,-285,-169,-161,-177,-176,-82,-532,-243,-224,-221,-209,-210,-179,-189,-283,-281,-5136,-5136,-5057,-5109,-4906,-4606,-1398,-741,-947,-905,-29980,-739,-29990]} 1. d4 Nf6 2. c4 e6 3. Nc3 Bb4 4. Qc2 O-O 5. a3 Bxc3+ 6. Qxc3 d6 7. Nf3 b6 8. b3 Bb7 9. Bb2 Nbd7 10. e3 Ne4 11. Qc2 f5 12. Be2 {LiveBook: 10 Games. E32: Nimzo-Indian: Classical (4 Qc2): 4...0-0} Qe8 13. O-O Qg6 14. Ne1 $146 {The position is equal.} ({Find the theoretical novelty and annotate with similar games:} 14. Rad1 Rae8 15. b4 Ndf6 16. d5 Ng4 17. h3 Nexf2 18. hxg4 Nxd1 19. Rxd1 Qxg4 {1-0 (43) Panman,H (2349)-Kameneckas,K (2441) ICCF email 2006}) 14... e5 15. f3 Ng5 16. dxe5 dxe5 17. Rd1 Rad8 18. Rd2 (18. c5 $5) 18... Nf7 19. Kh1 h5 20. b4 h4 21. c5 bxc5 22. bxc5 e4 23. Rd4 Nde5 ({Black should play} 23... Bc6 $1 $11) 24. Ra4 {[#]} (24. f4 $14 Ng4 25. Rxd8 Rxd8 26. Qc3) 24... exf3 (24... h3 $1 $11 {[%mdl 512]} 25. f4 (25. gxh3 Bc6) 25... Nd3 26. gxh3 Rd5) 25. gxf3 $16 Qh6 26. Rxa7 Bd5 (26... Bc6 $16 {might work better.} 27. Bc1 (27. Rxc7 Qxe3 28. Rg1 Rd2 $16) 27... Rd7 28. Qxf5 Qh7 29. Qxh7+ Kxh7) 27. Rxc7 (27. Ng2 $1 $18) 27... Qxe3 28. Rg1 $2 {[%mdl 8192]} (28. Ng2 $16 {stays on course.} Qb3 29. Qxb3 Bxb3 30. Bc3 (30. Nxh4 Rd2 $18)) 28... Ng4 $1 $19 29. Qc3 ({Much worse is} 29. Rxg4 fxg4 30. Qg6 Qh6) 29... Qxc3 30. Bxc3 {Strongly threatening h3.} Rfe8 $1 {[%cal Re8e2]} 31. h3 Nf2+ $40 {[%mdl 128] Black attacks with force.} (31... Rxe2 $142 {[%csl Gg4][%cal Re2h2]} 32. hxg4 fxg4 33. Rxg4 Rxe1+ $1 {[%mdl 512]} 34. Bxe1 Bxf3+ 35. Kg1 Bxg4 36. Bxh4 Ra8) 32. Kh2 {Bb5 is the strong threat.} Rxe2 33. Rxg7+ Kf8 34. Ng2 $2 {[%mdl 8192]} (34. Rg2 $17 Ne5 35. c6 Nxc6 36. a4) 34... Nd1 (34... Nd3 $142 {And now ...Nfe5 would win.} 35. Rh7 Nde5 36. Bxe5 Nxe5 37. Rxh4 Nxf3+ 38. Kg3 Rxg2+ $1 {[%mdl 512]} 39. Kxg2 Nxh4+ 40. Kf2 Ra8) 35. Bf6 {White wants to play Kg1.} Ne3 36. Rg6 {Threatening mate with Be7+.} Nxg2 37. Rxg2 {[#]} Rde8 $1 38. Bxh4 (38. Rxe2 {is a better defense.} Rxe2+ 39. Kg1) 38... f4 ({But not} 38... Bxf3 39. Rxe2 Rxe2+ 40. Kg3 $19) 39. c6 $2 {[#]} (39. Bf6) 39... Ne5 $1 {[%mdl 512]} 40. Rxe2 Nxf3+ 41. Kg2 Rxe2+ 42. Bf2 Rc2 {Hoping for ...Nd4+.} 43. Rc8+ Kf7 {( -> ...Nd4+)} 44. c7 Nd2+ (44... Rc1 $142 45. Rf8+ Kxf8 46. c8=Q+ Rxc8 47. Kf1 Rc2 48. h4 Be6 49. Kg2 Nxh4+ 50. Kg1 Nf3+ 51. Kg2 Ng5 52. Kf1 Rd2 53. Kg1 Bh3 54. Bc5+ Kf7 55. Bf2 Nf3+ 56. Kh1 Rd1+ 57. Bg1 Rxg1#) 45. Kh2 {Precision: White = 39%, Black = 55%.} 0-1

[Event "Turkey IS Bank Super League 2017"]
[Site "Darica-Kocaeli"]
[Date "2017.07.31"]
[Round "7"]
[White "Cheparinov, Ivan"]
[Black "Anton Guijarro, David"]
[Result "1/2-1/2"]
[WhiteElo "2703"]
[BlackElo "2654"]
[Annotator "TA"]
[PlyCount "61"]
[EventType "team-tourn"]
[EventCountry "TUR"]
[SourceTitle "playchess.com"]
[Source "ChessBase"]
[SourceQuality "1"]

{[%evp 17,61,0,4,0,16,7,26,8,25,19,27,15,14,8,32,0,31,26,41,25,25,29,30,25,32,26,47,36,91,72,72,0,0,0,62,19,67,36,58,56,54,36,154,15,0,0]} 1. d4 Nf6 2. c4 e6 3. Nf3 b6 4. g3 Bb7 5. Bg2 Be7 6. O-O O-O 7. Nc3 Ne4 8. Bd2 d5 9. cxd5 exd5 10. Qa4 {E18: Queen's Indian: Old Main Line (4 g3 Bb7 5 Bg2 Be7 6 0-0 0-0 7 Nc3)} Nd7 11. Rfd1 f5 12. b4 {White has an edge.} c6 $146 ({Predecessor:} 12... Kh8 13. Qb3 Ndf6 14. Rac1 Nxd2 15. Rxd2 a5 16. b5 Ne4 17. Rdc2 Bb4 {½-½ (90) Cheparinov,I (2685)-Anton Guijarro,D (2616) Gjakova 2016}) 13. Qb3 Rc8 14. a4 Kh8 15. Be1 Qe8 16. Rac1 Bf6 17. e3 Qh5 18. Rc2 Qf7 19. Ne2 g5 20. Rdc1 Qe6 21. Qd3 Qd6 22. a5 {[%cal Ba4a5,Ba5a6][%mdl 32]} g4 (22... Rce8 $14) 23. a6 $16 Ba8 24. Nh4 ({White should play} 24. Nd2 $16) 24... Bxh4 $1 $11 25. gxh4 Rf6 (25... b5 $11) 26. Ng3 {[%cal Be2g3,Bg3h5,Bh5f4][%mdl 32]} Nf8 27. f3 gxf3 28. Bxf3 Ng6 29. Nh5 Re6 {[#]} (29... Rf7 $14) 30. Rg2 ({White has to play} 30. Bxe4 $1 $16 fxe4 31. Qe2) 30... Qe7 31. Nf4 {Precision: White = 58%, Black = 35%.} 1/2-1/2

[Event "Turkey IS Bank Super League 2017"]
[Site "Darica-Kocaeli"]
[Date "2017.07.31"]
[Round "7"]
[White "Kuzubov, Yuriy"]
[Black "Swiercz, Dariusz"]
[Result "1-0"]
[WhiteElo "2646"]
[BlackElo "2637"]
[Annotator "TA"]
[PlyCount "115"]
[EventType "team-tourn"]
[EventCountry "TUR"]
[SourceTitle "playchess.com"]
[Source "ChessBase"]
[SourceQuality "1"]

{[%evp 20,115,16,12,50,34,33,43,33,26,43,28,43,33,50,45,45,45,43,36,37,37,43,41,42,42,45,45,45,37,55,53,57,58,56,54,55,54,71,69,54,67,62,59,67,67,66,58,68,58,68,60,70,0,44,16,76,84,77,73,76,76,168,102,185,185,504,504,627,588,1379,1335,1177,1084,1533,1449,5509,717,527,0,11641,5727,3129,1154,1552,1372,29973,29974,29972,29973,29975,29976,29974,29972,29977,29976,29974,29974]} 1. d4 Nf6 2. c4 g6 3. Nf3 Bg7 4. e3 O-O 5. Be2 c5 6. d5 d6 7. Nc3 e6 8. O-O {E61: King's Indian: Early deviations for White, including Smyslov System} Re8 (8... exd5 9. cxd5 Na6 10. Nd2 Re8 11. e4 Rb8 12. Re1 Bd7 13. h3 {0-1 (44) Nakamura,H (2785)-Vachier Lagrave,M (2796) Paris 2017}) 9. e4 exd5 10. exd5 Bf5 11. Bd3 {LiveBook: 9 Games} Ne4 12. Bxe4 Bxe4 13. Nxe4 Rxe4 14. Qc2 Re8 {[#]} 15. Bf4 $146 ({Predecessor:} 15. Bg5 Qd7 {½-½ (63) Buhmann,R (2633)-Ftacnik,L (2552) Germany 2016}) 15... Na6 16. Rae1 {Strongly threatening Rxe8+.} Qd7 17. b3 Nc7 18. h3 Rxe1 19. Rxe1 Re8 20. Qd2 b6 21. Re3 Rxe3 22. Qxe3 Ne8 23. g4 Nf6 24. Kg2 Bf8 25. Bg5 Bg7 26. Nd2 Ne8 27. Bf4 Bd4 28. Qe2 Kf8 29. Ne4 Qe7 30. Qf3 Kg8 31. Bg5 f6 32. Bh6 Be5 33. Qe2 Kf7 34. Qd3 Ng7 35. f4 Bd4 36. f5 ({White should play} 36. Qe2 $14) 36... Be5 37. Nd2 Qd7 (37... gxf5 $11 38. Bxg7 Bf4) 38. fxg6+ $16 hxg6 39. Nf3 Qe7 40. h4 {[%cal Bh3h4,Bh4h5][%mdl 32]} Qd7 (40... Qe8 $16) 41. Qe4 (41. Nxe5+ $18 dxe5 42. Qe4) 41... Qe8 {[#]} (41... b5 $16 {was worth a try.}) 42. h5 $1 $18 f5 $2 (42... gxh5 {is more resistant.} 43. gxh5 Kg8) 43. gxf5 Nxf5 44. hxg6+ Kf6 45. Bg5+ Kxg6 46. Kh3 Qd7 47. Kg4 Bg3 48. Nd2 (48. Bh4 $142 Be5 49. Nxe5+ dxe5 50. Bg3) 48... Be1 49. Nf3 (49. Qc2 $142 Bxd2 50. Bxd2) 49... Bg3 $1 50. Bh4 Be5 51. Ng5 (51. Nxe5+ $142 dxe5 52. Bg3) 51... a6 52. a4 a5 53. Ne6 {White mates.} Qf7 54. Bg5 Bh2 55. Nd8 Qd7 56. Nc6 Be5 57. Ne7+ Kf7 58. Qxf5+ {Precision: White = 75%, Black = 38%.} 1-0

[Event "Turkey IS Bank Super League 2017"]
[Site "Darica-Kocaeli"]
[Date "2017.07.31"]
[Round "7"]
[White "Safarli, Eltaj"]
[Black "Kravtsiv, Martyn"]
[Result "1/2-1/2"]
[WhiteElo "2641"]
[BlackElo "2657"]
[Annotator "TA"]
[PlyCount "108"]
[EventType "team-tourn"]
[EventCountry "TUR"]
[SourceTitle "playchess.com"]
[Source "ChessBase"]
[SourceQuality "1"]

{[%evp 16,108,-17,-20,-20,-19,-27,-31,-10,-42,-20,-19,-9,-7,-16,-38,0,-29,-38,-29,-35,-35,-29,-28,-28,-35,-37,-33,-20,-20,-18,-20,-20,-37,-30,-47,-47,-47,-47,-47,-44,-47,-47,-47,-47,-69,-47,-47,-47,-47,0,0,0,0,0,0,0,0,0,0,-4,-12,0,0,0,0,0,0,0,0,0,0,6,8,20,0,0,0,0,0,17,0,0,0,0,0,0,0,0,0,7,0,0,0,0]} 1. e4 e5 2. Nc3 Nf6 3. g3 d5 4. exd5 Nxd5 5. Bg2 Nxc3 6. bxc3 Bc5 7. Ne2 Nc6 8. O-O O-O 9. Rb1 {LiveBook: 26 Games} Qd6 {C26: Vienna Game: 2...Nf6, sidelines} (9... Bb6 10. d3 Bg4 11. h3 Be6 12. c4 Qd7 13. Kh2 Rad8 14. Nc3 Ne7 15. Ba3 Rfe8 16. Ne4 Qa4 17. Qc1 h6 18. Rb5 {½-½ (31) Shanava,K (2545)-Javakhishvili,L (2486) Lagodekhi 2016}) 10. d3 Bg4 11. h3 Be6 {Black is slightly better.} 12. Be3 Bb6 13. c4 Rad8 $146 ({Predecessor:} 13... f5 14. Qd2 Rad8 15. c5 Bxc5 16. Bxc5 Qxc5 17. Rxb7 {½-½ (37) Eloranta,K (2071)-Sammalvuo,N (2236) Jyvaskyla 2009}) 14. Nc3 {[#] Strongly threatening c5!} f5 15. Kh2 Nd4 16. Bxd4 Qxd4 17. Nd5 e4 18. Qe2 {[%cal Rd3e4]} Bxd5 19. cxd5 {[%cal Rd3e4]} exd3 20. Qxd3 Qxd3 21. cxd3 Rfe8 22. Bf3 Kf7 23. Kg2 Ke7 24. a4 Kd6 25. h4 g6 26. Rfc1 a5 27. Rc4 Re7 28. Kf1 Rf8 29. Rc2 Rfe8 30. Rcb2 Rd8 31. Rb5 h6 32. Kg2 g5 33. hxg5 {The position is equal.} hxg5 34. Rh1 {[#] Rh6+ is the strong threat.} g4 35. Bd1 $1 {White wants to play Rh6+.} Re5 36. Rh6+ Kd7 37. Rh5 {Threatens to win with Bxg4!} Re1 38. Bb3 Rf8 (38... Rde8 $5 {[%cal Rb6f2]} 39. d6 R8e5 $11) 39. d6 Kxd6 40. Rd5+ Ke7 41. d4 f4 {aiming for ...fxg3.} 42. Rh7+ Ke8 {And now ...fxg3 would win.} 43. Bc2 Re6 44. Bf5 Rd6 45. Rxd6 cxd6 $11 {[%mdl 4096] Endgame KRB-KRB} 46. Bd7+ Kd8 47. Bxg4 Bxd4 48. Rxb7 fxg3 49. fxg3 Rf2+ 50. Kh3 Be5 51. Rd7+ Ke8 52. Ra7 Bc3 53. Be6 Re2 54. Bd5 Re3 {Precision: White = 65%, Black = 68%.} 1/2-1/2

[Event "Turkey IS Bank Super League 2017"]
[Site "Darica-Kocaeli"]
[Date "2017.07.31"]
[Round "7"]
[White "Yilmaz, Mustafa"]
[Black "Maghsoodloo, Parham"]
[Result "1/2-1/2"]
[WhiteElo "2640"]
[BlackElo "2584"]
[Annotator "TA"]
[PlyCount "60"]
[EventType "team-tourn"]
[EventCountry "TUR"]
[SourceTitle "playchess.com"]
[Source "ChessBase"]
[SourceQuality "1"]

{[%evp 17,60,20,21,0,42,36,22,8,11,13,32,19,49,7,27,-2,40,35,26,19,48,46,53,58,126,120,102,83,85,70,90,76,75,57,67,45,83,36,38,36,37,34,41,33,38]} 1. d4 Nf6 2. c4 g6 3. Nc3 d5 4. cxd5 Nxd5 5. e4 Nxc3 6. bxc3 Bg7 7. Qa4+ Nd7 {[%cal Bb8d7,Bd7f6,Bf6e4][%mdl 32]} 8. Nf3 O-O 9. Be2 c5 10. O-O {D85: Exchange Grünfeld: Unusual White 7th moves and lines with 7 Nf3} Qc7 (10... cxd4 11. cxd4 Nc5 12. dxc5 Bxa1 13. e5 Bd7 14. Qh4 Bc6 15. Bh6 Bxf3 16. Bxf3 Qd4 17. Qxd4 Bxd4 18. Bxf8 Rxf8 19. Bxb7 Bxc5 20. Rc1 {½-½ (20) Yilmaz,M (2630)-Duda,J (2697) Khanty-Mansiysk 2017}) 11. Bg5 {[%cal Bc1g5,Bg5h4,Bh4g3,Bg3f4,Bf4e3][%mdl 32]} h6 $146 ({Predecessor:} 11... Nf6 12. Bd3 e6 13. e5 Nd5 14. Rac1 Bd7 15. Qa3 Rfc8 16. Nd2 cxd4 17. cxd4 Qb6 {½-½ (61) Nguyen Huynh Minh,H (2490)-Antal,G (2524) Hungary 2014}) 12. Bh4 {The position is equal.} Nf6 13. Bg3 Bd7 {[#] And now ...Qxg3 would win.} 14. Qa3 (14. Qc2 $5 {[%cal Rg3c7]} Qc8 15. d5 $14) 14... Qc8 15. e5 Ne4 16. Rac1 Bc6 17. Bf4 Rd8 18. Be3 Bf8 19. Qb2 e6 20. Ne1 b5 (20... Ng5 $14) 21. f3 $16 ({Stronger than} 21. Bxb5 Qb7 $17) 21... Ng5 22. Nd3 ({Not} 22. Bxb5 Rb8 $17) 22... c4 23. Nf2 Nh7 $1 24. Qd2 h5 25. Bh6 (25. a4 $5) 25... Rd7 26. Ne4 (26. a4 $5) 26... a5 27. Qf4 Bxh6 {White is slightly better.} 28. Qxh6 Bxe4 $1 29. fxe4 Rb8 30. Qe3 Qd8 {Precision: White = 33%, Black = 58%.} 1/2-1/2

[Event "Turkey IS Bank Super League 2017"]
[Site "Darica-Kocaeli"]
[Date "2017.07.31"]
[Round "7"]
[White "Solak, Dragan"]
[Black "Ivanchuk, Vassily"]
[Result "1/2-1/2"]
[WhiteElo "2624"]
[BlackElo "2729"]
[Annotator "TA"]
[PlyCount "62"]
[EventType "team-tourn"]
[EventCountry "TUR"]
[SourceTitle "playchess.com"]
[Source "ChessBase"]
[SourceQuality "1"]

{[%evp 23,62,68,53,36,42,42,40,44,37,40,62,55,55,43,45,52,83,60,68,78,65,60,179,100,138,115,141,100,102,116,116,105,116,122,129,46,48,37,40,33,50]} 1. e4 c5 2. Nf3 d6 3. d4 cxd4 4. Nxd4 Nf6 5. Nc3 Nc6 6. Bg5 e6 7. Qd2 a6 8. O-O-O Bd7 9. f4 b5 10. Bxf6 gxf6 11. Kb1 Qb6 12. Nce2 h5 13. h4 {B67: Sicilian: Richter-Rauzer: 7...a6 8 0-0-0 Bd7, lines without 9 f4 Be7} O-O-O 14. Rh3 Kb8 {[#]} 15. Nxc6+ $146 ({Predecessor:} 15. Rd3 Rg8 16. Qe1 Rc8 17. a3 Be7 18. Nc3 Na5 19. Nf5 Rxc3 20. Nxe7 Rxd3 21. Nxg8 {1-0 (37) Fedorchuk,S (2655)-Szabo,B (2410) Konya 2014}) 15... Bxc6 16. Rb3 d5 17. Nd4 {Black must now prevent c4!} Bb7 18. e5 fxe5 19. fxe5 Rg8 {[%cal Bh8g8,Bg8g4,Bg4e4][%mdl 32]} 20. g3 Rg4 21. Be2 Re4 22. Bxh5 Rd7 (22... Bc5 $14 23. Rd3 Qc7) 23. Rf3 ({White should try} 23. a4 $18) 23... Bc5 {[%cal Rc5d4] [#]} 24. Nb3 $1 Be3 25. Qd3 d4 26. Rxf7 Rxf7 27. Bxf7 Rg4 {Black wants to play ...Be4.} 28. Bg6 Qc7 {[#]} 29. c3 (29. h5 $1 $16) 29... Qxe5 $14 {Hoping for ...Rxg6!White is slightly better.} 30. cxd4 Qxg3 31. h5 Qf2 {Precision: White = 53%, Black = 72%.} 1/2-1/2

[Event "Turkey IS Bank Super League 2017"]
[Site "Darica-Kocaeli"]
[Date "2017.07.31"]
[Round "7"]
[White "Tari, Aryan"]
[Black "Dastan, Muhammed Batuhan"]
[Result "1/2-1/2"]
[WhiteElo "2595"]
[BlackElo "2529"]
[Annotator "TA"]
[PlyCount "97"]
[EventType "team-tourn"]
[EventCountry "TUR"]
[SourceTitle "playchess.com"]
[Source "ChessBase"]
[SourceQuality "1"]

{[%evp 20,97,22,21,18,25,29,40,29,33,39,36,37,0,0,0,0,0,8,4,3,6,21,20,22,27,18,17,27,32,26,26,26,26,29,39,31,28,30,17,17,17,17,17,17,17,17,17,17,22,22,19,36,6,31,31,31,31,31,31,56,56,56,56,56,56,56,0,0,0,0,0,0,0,0,0,0,0,0,0]} 1. e4 c5 2. Nf3 d6 3. Bb5+ Nc6 4. O-O Bd7 5. Re1 Nf6 6. c3 a6 {B51: Sicilian: Moscow Variation (3 Bb5+) without 3...Bd7} 7. Bc4 (7. Bf1 Bg4 8. h3 Bxf3 9. Qxf3 g6 10. d3 Bg7 11. Be3 O-O 12. Nd2 Nd7 13. Qd1 b5 14. a3 e6 15. Nf3 Nce5 16. d4 Nxf3+ 17. Qxf3 Qc7 18. Qd1 Nb6 19. dxc5 dxc5 20. Qc2 c4 21. Rad1 Rfd8 22. Bg5 Rxd1 23. Rxd1 h6 24. Be3 {½-½ (24) Wang,H (2683)-Bu,X (2711) Ho Chi Minh City 2017}) 7... Bg4 8. d4 Bxf3 9. gxf3 e6 10. d5 Ne5 11. Bf1 {LiveBook: 3 Games} g5 12. Bxg5 {[#] Black must now prevent dxe6.} Rg8 13. f4 h6 14. Bg2 {Strongly threatening Bxf6.} hxg5 $146 15. fxe5 dxe5 16. dxe6 fxe6 17. Nd2 Qc7 18. Qb3 Kf7 19. a4 Rd8 20. Nc4 g4 21. a5 Ke7 22. Qb6 Qxb6 23. axb6 Nd7 24. Red1 Bh6 25. Rd3 Bf4 26. Rad1 Nf6 27. Rxd8 Rxd8 28. Rxd8 Kxd8 $11 {[%mdl 4096] Endgame KBN-KBN} 29. Nd6 (29. Na5 $5 {[%cal Ra5b7]} Kc8 30. h3 $14) 29... Kd7 30. Nxb7 Kc6 31. Na5+ Kxb6 32. Nc4+ Kc7 33. f3 gxf3 34. Bxf3 Ne8 35. Be2 Bc1 36. b4 Nd6 (36... Nf6 $5 {[%cal Rf6e4]}) 37. Nxd6 Kxd6 38. Bxa6 $14 {KB-KB} Bd2 39. b5 Bxc3 40. b6 $1 c4 41. Kf1 Bd2 $1 42. Ke2 c3 43. Bb5 (43. Bc8 $1 $14) 43... Bf4 $11 {[#] Hoping for ...c2.The position is equal.} 44. Kd3 Bxh2 45. Kxc3 Bg1 46. b7 Kc7 47. b8=Q+ Kxb8 48. Bd7 Kc7 49. Bxe6 {Precision: White = 81%, Black = 77%.} 1/2-1/2

[Event "Turkey IS Bank Super League 2017"]
[Site "Darica-Kocaeli"]
[Date "2017.07.31"]
[Round "7"]
[White "Mamedov, N.."]
[Black "Kanmazalp, Ogulcan"]
[Result "1-0"]
[WhiteElo "2589"]
[BlackElo "2445"]
[Annotator "TA"]
[PlyCount "75"]
[EventType "team-tourn"]
[EventCountry "TUR"]
[SourceTitle "playchess.com"]
[Source "ChessBase"]
[SourceQuality "1"]

{[%evp 27,75,33,20,30,46,51,57,48,42,29,24,18,62,61,55,22,41,0,0,0,0,0,0,0,0,0,0,0,0,-57,-31,-100,-91,-95,0,0,0,0,0,0,27,0,350,332,388,388,381,345,566,555]} 1. e4 c5 2. Nf3 d6 3. d4 cxd4 4. Nxd4 Nf6 5. Nc3 g6 6. Be3 Bg7 7. f3 O-O 8. Qd2 Nc6 9. g4 Be6 10. Nxe6 fxe6 11. O-O-O Ne5 12. Be2 Qc8 {B76: Sicilian Dragon: Yugoslav Attack, 9 g4 and 9 0-0-0} 13. Kb1 (13. Bh6 Bxh6 14. Qxh6 Qc5 15. h4 Rac8 16. Qd2 Kh8 17. Kb1 b5 18. Nxb5 Nxf3 19. Bxf3 Qxb5 20. g5 {½-½ (64) Tukhaev,A (2564)-Mamedov,R (2650) Minsk 2015}) 13... Nc4 14. Bxc4 Qxc4 {LiveBook: 4 Games. White is slightly better.} 15. Bd4 b5 16. h4 b4 17. Ne2 e5 $146 ({Predecessor:} 17... a5 18. h5 Kf7 19. hxg6+ hxg6 20. g5 {1-0 (46) Ten Hertog,H (2457)-Tiggelman,R (2236) Utrecht 2017}) 18. b3 Qb5 19. Be3 Rad8 20. h5 (20. Bxa7 $6 Qa5 $11) 20... d5 21. hxg6 ({Not} 21. Bxa7 dxe4 22. Qe3 (22. Qxd8 $2 Rxd8 23. Rxd8+ Kf7 $19) 22... Ra8 $17) 21... hxg6 22. Ng3 (22. Bxa7 $2 Qa5 $17) (22. g5 {is more complex.} Nh5 23. exd5 Rxf3 24. a4 bxa3 25. Ka2) 22... dxe4 23. Qxd8 Rxd8 24. Rxd8+ Kf7 25. Nxe4 Nxe4 26. fxe4 Qe2 27. Bxa7 g5 28. Bc5 ({White should play} 28. Rc8 $11) 28... Qxe4 29. Rg1 {[#]} (29. Rdd1 $15) 29... Qc6 $1 $17 {[%cal Rc6c5][%mdl 1024] Black has strong compensation.} 30. Be3 Bf6 ({Black should try} 30... Qf3 $17 31. Re1 (31. Bxg5 e4 $17) 31... Bf6) 31. Rdd1 $1 $11 Ke6 32. Bd2 $36 {[%mdl 2048] White has good play.} Qe4 33. Bc1 Qf3 34. Rde1 (34. Rd3 $5 {[%cal Rd3f3]} Qf2 35. Be3 $11) 34... Qd5 $2 {[%mdl 8192] [#]} (34... Qf2 $1 $11) 35. Rg3 $1 $18 Kf7 36. Rge3 e4 37. Rxe4 Qc5 $2 (37... Kg6 38. Rxb4 Bc3 39. Rb6+ Kf7) 38. Bd2 {Precision: White = 66%, Black = 53%.} 1-0

[Event "Turkey IS Bank Super League 2017"]
[Site "Darica-Kocaeli"]
[Date "2017.07.31"]
[Round "7"]
[White "Can, Emre"]
[Black "Haznedaroglu, Kivanc"]
[Result "1-0"]
[WhiteElo "2586"]
[BlackElo "2471"]
[Annotator "TA"]
[PlyCount "153"]
[EventType "team-tourn"]
[EventCountry "TUR"]
[SourceTitle "playchess.com"]
[Source "ChessBase"]
[SourceQuality "1"]

{[%evp 12,153,47,30,44,43,43,23,83,82,130,141,125,76,72,64,77,67,100,68,60,69,83,80,107,110,131,122,136,55,102,106,134,136,150,127,136,94,113,91,100,83,93,89,138,138,137,119,139,139,127,134,174,174,188,186,204,219,240,171,220,159,159,159,159,150,155,147,202,188,188,137,137,137,260,260,260,260,260,0,137,0,260,247,372,87,103,0,363,346,379,232,232,232,232,232,232,232,232,232,232,232,233,234,214,5,5,6,8,0,0,0,8,8,8,8,16,12,52,22,22,51,67,77,77,77,5408,5549,5129,5081,29971,29973,29973,29974,29977,29978,29978,29979,29979,29980,29980,29981,29981,29982]} 1. Nf3 Nf6 2. g3 b5 3. Bg2 Bb7 4. Na3 a6 5. c4 e5 6. O-O {A05: Réti Opening: 1 Nf3 Nf6} e4 7. Nh4 {LiveBook: 3 Games} Bxa3 8. bxa3 {White is slightly better.} O-O $146 ({Find the theoretical novelty and annotate with similar games:} 8... bxc4 9. Bb2 O-O 10. f3 exf3 11. Bxf3 Bxf3 12. Rxf3 Ne4 13. Nf5 {0-1 (31) Maletin,P (2571)-Korobov,A (2702) Moscow 2013}) 9. d3 bxc4 (9... Re8 $11) 10. Bb2 $16 d5 11. dxc4 Nbd7 12. cxd5 Bxd5 13. Nf5 Be6 14. Nd4 Bd5 15. Rc1 Rb8 16. Ba1 Rb6 17. Qd2 e3 18. Qxe3 Bxg2 19. Kxg2 Re8 20. Qf4 (20. Qd2 $16) 20... Nd5 21. Qf5 Ne5 22. Nf3 Ng6 23. e4 (23. Ng5 $6 f6 $11) 23... Nf6 24. Rfd1 Qa8 25. Rxc7 (25. e5 {feels hotter.} Nd5 26. Kg1 Nde7 27. Qd3 Rc6 28. Bc3) 25... Rb5 26. Rc5 Rxc5 27. Qxc5 Qxe4 28. Bxf6 gxf6 29. Qd5 $36 {[%mdl 2048] White has strong initiative.} Qa4 30. Qd7 Qxd7 31. Rxd7 {[%mdl 4096] Endgame KRN-KRN} Ne5 32. Rd6 Nxf3 33. Kxf3 $18 {KR-KR} Rc8 34. Rxa6 Rc3+ 35. Ke4 Kg7 36. Ra4 Rc2 37. Ke3 f5 38. Ra6 f4+ 39. gxf4 Rxa2 (39... Rc3+ $16 40. Ke2 Rh3) 40. Kf3 h5 41. h4 (41. Kg2 $18) 41... Rc2 $16 42. Ra5 Rc3+ (42... Kg6 $16 43. a4 Rc3+ 44. Kg2 Rc4) 43. Ke4 $18 Kf6 44. Ra6+ $1 (44. Rxh5 Rxa3 45. Rg5 Rh3 $18) 44... Kg7 {and the idea ...Rh3 leaves Black hopeful.} 45. Ra5 (45. a4 $18) 45... Kf6 $1 $16 46. Ra6+ (46. a4 $16) 46... Kg7 $1 $18 {Now ...Rh3 and Black clings on.} 47. a4 Rc4+ (47... Rh3 $142 48. Rb6 Rxh4) 48. Ke3 $2 (48. Ke5 $1 $18 {and the rest is easy.}) 48... Rc3+ $16 49. Ke4 $2 {[%mdl 8192]} (49. Ke2 $1 $16) 49... Rc4+ $18 50. Ke5 $1 Rc5+ 51. Kd4 Rc2 52. a5 {Rb6 is the strong threat.} Rxf2 53. Ke5 Re2+ 54. Kf5 $1 Rc2 55. Kg5 $1 Rc5+ 56. f5 Rb5 57. Ra8 Rc5 58. Kf4 $2 ({White should try} 58. a6 $18) 58... Rc4+ $11 59. Ke5 {Black must now prevent f6+.} ({Not} 59. Kg5 Rc5 $18) 59... Rc5+ 60. Ke4 Rc4+ 61. Ke5 {Threatens to win with f6+.} Rc5+ 62. Kd6 Rxf5 63. a6 {aiming for Kc7.} (63. Kc6 $5 {[%cal Ra5a6]} Rf4 64. Re8 Rxh4 65. a6 $16) 63... Ra5 64. Kc6 {Hoping for Kb6.} Ra1 65. Kb6 ({Much less strong is} 65. a7 f5 $16) 65... Rb1+ $1 66. Ka7 {And now Rb8 would win.} Rb4 $1 67. Rb8 $1 {[%cal Rb8b4]} Rxh4 {[#]} 68. Rb5 $1 Ra4 $2 {[%mdl 8192] [#]} (68... Re4 $16) 69. Kb6 $1 $18 h4 70. a7 Rxa7 71. Kxa7 {KR-KPP. White mates.} Kg6 72. Kb6 h3 73. Rb3 Kf5 74. Rxh3 Ke4 75. Kc5 f5 76. Kc4 f4 77. Kc3 {Precision: White = 58%, Black = 58%.} 1-0

[Event "Turkey IS Bank Super League 2017"]
[Site "Darica-Kocaeli"]
[Date "2017.07.31"]
[Round "7"]
[White "Pantsulaia, Levan"]
[Black "Mchedlishvili, Mikheil"]
[Result "1/2-1/2"]
[WhiteElo "2585"]
[BlackElo "2602"]
[Annotator "TA"]
[PlyCount "38"]
[EventType "team-tourn"]
[EventCountry "TUR"]
[SourceTitle "playchess.com"]
[Source "ChessBase"]
[SourceQuality "1"]

{[%evp 21,38,0,0,0,0,0,0,0,0,0,0,0,0,0,0,0,0,0,0]} 1. d4 d5 2. c4 c6 3. Nf3 Nf6 4. Nc3 dxc4 5. a4 Bf5 6. e3 e6 7. Bxc4 Bb4 8. O-O Nbd7 9. Qb3 a5 10. Na2 Be7 11. Qxb7 Rb8 $1 {[%cal Rb8b7] The position is equal.} 12. Qa6 {D18: Slav Defence: 5 a4 Bf5 6 e3} ({Don't blunder} 12. Qxc6 $2 Rb6 $19) 12... Ra8 $1 {[%cal Ra8a6]} 13. Qxc6 Rc8 14. Qb5 {[#] Bd2 is the strong threat.} Rb8 15. Qa6 $1 Ra8 $1 {[%cal Ra8a6] [#]} 16. Qb7 $146 Rb8 $1 {[%cal Rb8b7]} 17. Qa6 Ra8 $1 {[%cal Ra8a6]} 18. Qb7 Rb8 $1 {[%cal Rb8b7]} 19. Qa6 Ra8 $1 1/2-1/2